Normal view MARC view
  • Graphic methods.

Entry Topical Term

Number of records used in: 6

001 - CONTROL NUMBER

  • control field: 2983

003 - CONTROL NUMBER IDENTIFIER

  • control field: NUST

005 - DATE AND TIME OF LATEST TRANSACTION

  • control field: 20170621102000.0

008 - FIXED-LENGTH DATA ELEMENTS

  • fixed length control field: 170621|| aca||aabn | a|a d

040 ## - CATALOGING SOURCE

  • Original cataloging agency: NUST
  • Transcribing agency: NUST

150 ## - HEADING--TOPICAL TERM

  • Topical term or geographic name entry element: Graphic methods.

670 ## - SOURCE DATA FOUND

  • Source citation: Work cat.: (NUST)0: Shupe, Hollie W. 2981, A manual of engineering geometry and graphics for students and draftsmen /, 1956.
© 2023 Central Library, National University of Sciences and Technology. All Rights Reserved.